| 000 | 00937nac a22002777a 4500 | ||
|---|---|---|---|
| 001 | BR8401983 | ||
| 003 | BR-BrBNA | ||
| 005 | 20240105115955.0 | ||
| 008 | 230509b bl.|||m| |||| 00| 0 por d | ||
| 040 |
_aBR-BrBNA _bpor _cBiblioteca Nacional de Agricultura |
||
| 072 | _aU20 | ||
| 090 | _aU20 BR8401983 | ||
| 100 | 1 | _aSoares, M.R.J. | |
| 100 | 1 | _aSantos, M.A.U.C. de O. | |
| 110 | 1 |
_aComissao Brasileira de Documentacao Agricola, Brasilia, DF _91946 |
|
| 245 | 1 | _aEstudo avaliativo sobre o Guia de Pesquisadores em Bovinos no Brasil | |
| 260 | 3 |
_aBrasilia, DF (Brasil): _c1984. |
|
| 300 | _a28 p. | ||
| 490 |
_aDocumentacao e Informacao Agricola - Comissao Brasileira de Documentacao Agricola (Brazil) _vno. 6 _x |
||
| 500 | _aSummaries (En, Pt); 5 ref. | ||
| 650 | _aSISTEMA DE INFORMACAO | ||
| 650 | _aPESQUISA PECUARIA | ||
| 650 | _aBOVINO | ||
| 909 |
_a202312 _bLúcia Elande _c55 _dLúcia Elande |
||
| 942 |
_2AGRIS _n0 _cMS |
||
| 999 |
_c277320 _d277320 |
||